00317nam a2200121Ia 4500008004100000041000800041082001200049100001400061245004100075260003600116300003200152365001100184240624s9999 xx 000 0 und d aeng a954 LIN aLIN DEREK aTAO TE CHING ANNOTATED AND EXPLAINED c2010aNew DelhibRupa & Company axxxi, : 169 : p. : cm. ; 21 cRSb20